| 000 | 01163cam a22003255a 4500 | ||
|---|---|---|---|
| 006 | a||||f |||| 00| 0 | ||
| 008 | 080910t20072009xxu||||f |||| 00| 0 eng d | ||
| 020 | _a1000027121 (CD) | ||
| 020 | _a0324594631 (international ed. : hbk.) | ||
| 020 | _a9780324594638 (international ed. : hbk.) | ||
| 020 | _a1439040753 (Access Code) | ||
| 020 | _a9781439040751 (Access Code) | ||
| 020 | _a9781408058107 (Set) | ||
| 040 |
_aEG-ScBUE _beng _cEG-ScBUE |
||
| 082 | 0 | 4 |
_a330 _bMAN _222 |
| 100 | 1 |
_aMankiw, N. Gregory. _927462 |
|
| 245 | 1 | 0 |
_aPrinciples of Economics / _cN. Gregory Mankiw. |
| 246 | 3 | 0 | _aEconomics |
| 250 |
_a5th ed. _bInternational student edition |
||
| 260 |
_aAustralia : _bThomson/South-Western, _cc2009. |
||
| 300 |
_axxxi, 872 p. : _bcol. ill. ; _c27 cm. + _e1 CD-ROM (4 3/4 in.) |
||
| 500 | _aindex 856-872. | ||
| 504 | _aglossary 849-855. | ||
| 650 | 0 |
_aEconomics. _927463 _2BUEsh |
|
| 651 | _2BUEsh | ||
| 653 |
_bBUSECO _cAugust2015 |
||
| 655 |
_vtext book _933728 |
||
| 856 |
_3Online Study Tools _uhttp://www.cengage.com/login _zFor obtaining access codes please call the Library on Ext. 1372 |
||
| 942 |
_cBB _k330 MAN _2ddc |
||
| 999 |
_c16123 _d16123 |
||